000 00309nam a22001337a 4500
020 _a0-00-675201-2
082 _a823
_bBUR/I
100 _aDAMON BURNARD
245 _aIVANA THE INVENTOR
260 _aUNITED KINGDOM
_bCOLLINS
_c1996
300 _a64
650 _aCHILDREN'S STORY BOOK
_zUNITED KINGDOM
942 _cBK
999 _c49
_d49